Η Κυρία Ντάλογουεη

Αποθηκεύτηκε σε:
Λεπτομέρειες βιβλιογραφικής εγγραφής
Κύριος συγγραφέας: Woolf, Virginia, 1882-1941
Άλλοι συγγραφείς: Κερεβάντη, Δέσποινα (trlf)
Μορφή: Βιβλίο
Γλώσσα:Greek
English
Δημοσίευση: Αθήνα : Γράμματα, 1990.
Θέματα:
Ετικέτες: Προσθήκη ετικέτας
Δεν υπάρχουν, Καταχωρήστε ετικέτα πρώτοι!

MARC

LEADER 00000cam a2200000 i 4500
001 1/55750
008 941103s1990####gr | ||| |||| ||gre||
035 |a 1994  |c ΒΙΒΛΙΟΘΗΚΗ  |l 10045373 
040 |a GR-MyUA  |b gre  |e AACR2 
041 1 |a gre  |h eng 
082 0 |a 813  |2 (21) 
100 1 |a Woolf, Virginia,   |d 1882-1941. 
245 1 2 |a Η Κυρία Ντάλογουεη /   |c Βιρτζίνια Γούλφ ; μετάφραση Δέσποινα Κερεβάντη.  
260 |a Αθήνα :   |b Γράμματα,   |c 1990.  
300 |a 223 σ. ;   |c 21 εκ.  
650 0 0 |a American fiction. 
700 1 |a Κερεβάντη, Δέσποινα,  |e trlf 
765 0 8 |i Μετάφραση του:   |t Mrs Dalloway /  
852 |a INST  |b SAMOS  |e 19941103  |h 813 WOL  |p 005300006666  |q 005300006666  |t BK  |y 0 
909 |a Σ  |b 034777